ბათუმის შოთა რუსთაველის სახელმწიფო უნივერსიტეტის ბიბლიოთეკა

ულტრასონოგრაფიული კვლევა ტერფის სახსრების და პარაარტიკულარული რბილი ქსოვილების დაზიანებების დიფერენციულ დიაგნოსტიკაში : დისერტაცია / (ბიბ.ჩანაწერი № 51748)

000 -ლიდერი
ფიქსირებული სიგრძის საკონტროლო ველი 01817nam a2200241Ia 4500
001 - საკონტროლო ნომერი
საკონტროლო ველი 18740
003 - საკონტროლო ნომრის იდენტიფიკატორი
საკონტროლო ველი GE_BSU
005 - ბოლო ოპერაციის თარიღი და დრო
საკონტროლო ველი 20220920105940.0
008 - ფიქსირებული სიგრძის მონაცემთა ელემენტები - ზოგადი ინფორმაცია
ფიქსირებული სიგრძის საკონტროლო ველი 181216s2012||||ge |||||||||||||| ||geo||
040 ## - კატალოგიზაციის წყარო
Transcribing agency GE_BSU
041 ## - ენის კოდი
Language code of text/sound track or separate title geo
080 ## - უნივერსალური ათობითი კლასიფიკაციის ინდექსი
Universal Decimal Classification number 61 გ-96
100 ## - მთავარი ჩანაწერი - პიროვნების სახელი
Personal name გურგენიძე, თამარ
9 (RLIN) 11678
245 ## - ცნობა სათაურის შესახებ
Title ულტრასონოგრაფიული კვლევა ტერფის სახსრების და პარაარტიკულარული რბილი ქსოვილების დაზიანებების დიფერენციულ დიაგნოსტიკაში : დისერტაცია /
Statement of responsibility, etc თამარ გურგენიძე; სამეცნიერო ხელმძღვანელი: მალხაზ მიზანდარი; თბილისის სახელმწიფო სამედიცინო უნივერსიტეტი.
264 ## - წარმოების, გამოცემის, დისტრიბუციის და სხვა ცნობები
გამოცემის, წარმოების, დისტრიბუციის... ადგილი თბილისი,
გამოცემის, წარმოების, დისტრიბუციის... თარიღი 2012.
300 ## - ფიზიკური აღწერა
Extent 194 გვ.;
Other physical details 30 სმ.
653 ## - INDEX TERM--UNCONTROLLED
Uncontrolled term დისერტაცია
653 ## - INDEX TERM--UNCONTROLLED
Uncontrolled term მედიცინა
653 ## - INDEX TERM--UNCONTROLLED
Uncontrolled term ულტრასონოგრაფიული კვლევა ტერფის სახსრების და პარაარტიკულარული რბილი ქსოვილების დაზიანებების დიფერენციულ დიაგნოსტიკაში
700 ## - ADDED ENTRY--PERSONAL NAME
Personal name მიზანდარი, მალხაზ
Relator term სამეცნიერო ხელმძღვანელი
9 (RLIN) 11679
710 ## - ADDED ENTRY--CORPORATE NAME
Corporate name or jurisdiction name as entry element თბილისის სახელმწიფო სამედიცინო უნივერსიტეტი
9 (RLIN) 11680
942 ## - ADDED ENTRY ELEMENTS (KOHA)
Koha item type წიგნი
Source of classification or shelving scheme
ეგზემპლარები
ჩამოწერის სტატუსი დაკარგული ეგზემპლარის სტატუსი კლასიფიკაციის წყარო ან თაროზე გაწყობის სქემა დაზიანების სტატუსი არ გაიცემა მუდმივი მდებარეობა (დაცვის ადგილი) ამჟამინდელი ადგილსამყოფელი შეძენის თარიღი სრული შენახვის შიფრი შტრიხკოდი ბოლო ოპერაციის თარიღი ეგზემპლარის მიმდევრობითი ნომერი (კეტერი?) ფასის ძალაში შესვლის თარიღი ეგზემპლარის სახეობა
        შიდა ფონდი ბათუმის შოთა რუსთაველის სახელმწიფო უნივერსიტეტის მთავარი ბიბლიოთეკა ბათუმის შოთა რუსთაველის სახელმწიფო უნივერსიტეტის მთავარი ბიბლიოთეკა 2018-12-17 61 გ-96 108 დისერტ. 2018-12-17 108 2018-12-17 დისერტაცია